Alle Pokemon mit "Q" - Statistiken

Allgemein
  • Dieses Quiz wurde 347 mal gespielt
  • Das Durchschnittsergebnis liegt bei 6 aus 9
Antwortstatistiken
Hint Antwort % Korrekt
Kanto (3) 060 Quapsel
99%
Kanto (3) 061 Quaputzi
98%
Kanto (3) 062 Quappo
97%
Johto (2) 186 Quaxo
88%
Einall (1) 592 Quabbel
63%
Hoenn (1) 324 Qurtel
63%
Kalos (1) 658 Quajutsu
49%
Johto (2) 220 Quiekel
37%
Alola (1) 766 Quartermak
33%
Keine übereinstimmenden Quizze gefunden
Verteilung der Resultate
Anzahl Personen mit jedem Resultat
Perzentil nach korrekt beantworteten Fragen
Ihre Resultats-Entwicklung
Sie haben dieses Quiz noch nicht gespielt